• 首页
  • 本馆介绍
  • 公告通知
  • 最新文献
  • 馆藏检索
  • 电子资源
  • 读者导购
  • 参考咨询
  • 我的图书馆
  • 登录
  • 详细信息显示
  • 放入我的书架
  • 预约/预借图书
  • 作者相关作品
  • 分类相关作品
  • 丛书相关作品
  • 出版社相关作品

书目信息

  • 表格格式
  • 工作单格式
  • 卡片格式
题名:
中国近代洋货进口与消费转型研究
    
 
作者: 郭立珍 著
分册:  
出版信息: 北京   中央编译出版社  2012
页数: 225页
开本: 24cm
丛书名:
单 册:
中图分类: F752.95 , F129.5
科图分类:
主题词: 进口贸易--关系--消费模式--研究--中国--近代 , 进口贸易 , 消费模式
电子资源:
ISBN: 978-7-5117-1233-2
000 01223nam0 22002891 450
001 523
005 20140909101244.29
010    @a978-7-5117-1233-2@dCNY47.00
100    @a20130417d2012 em y0chiy50 ea
101 0  @achi
102    @aCN@b110000
105    @ay z 000yy
106    @ar
200 1  @a中国近代洋货进口与消费转型研究@AZhong Guo Jin Dai Yang Huo Jin Kou Yu Xiao Fei Zhuai Xing Yan Jiu@dImported goods and the transition of consumption in modern China@f郭立珍著@FGuo Li Zhen Zhu@zeng
210    @a北京@c中央编译出版社@d2012
215    @a225页@d24cm
300    @a河南省青年骨干教师资助计划项目资助
330    @a本书以消费经济学理论为指导,考察了洋货进口在中国近代消费转型所起的作用,揭示出近代中国洋货进口与消费转型是在相互制约、相互影响中发展演变,且消费转型是以外力催生、中西消费模式由并存走向融合以及转型的复杂渐变性、不平衡性为基本特征。
510 1  @aImported goods and the transition of consumption in modern China@zeng
606 0  @a进口贸易@x关系@x消费模式@x研究@y中国@z近代
606 0  @a进口贸易
606 0  @a消费模式
690    @aF752.95@v5
690    @aF129.5@v5
701  0 @a郭立珍@AGuo Li Zhen@f(1972~)@4著
801  0 @aCN@bTANGWEI@c20140603
905    @b0837096-98@dF752.95@e44@f3
    
    中国近代洋货进口与消费转型研究=Imported goods and the transition of consumption in modern China/郭立珍著.-北京:中央编译出版社,2012
    225页;24cm
    河南省青年骨干教师资助计划项目资助
    
    ISBN 978-7-5117-1233-2:CNY47.00
    本书以消费经济学理论为指导,考察了洋货进口在中国近代消费转型所起的作用,揭示出近代中国洋货进口与消费转型是在相互制约、相互影响中发展演变,且消费转型是以外力催生、中西消费模式由并存走向融合以及转型的复杂渐变性、不平衡性为基本特征。
●
相关链接 在E读中查询图书 在五车中查询图书 在当当中查询图书 在豆瓣中查询图书


正题名:中国近代洋货进口与消费转型研究     索取号:F752.95/44         预约/预借

序号 登录号 条形码 馆藏地/架位号 状态 备注
1 0837096   208370966   第一样本阅览室/ [索取号:F752.95/44] 在馆    
2 0837097   208370975   密集书库-海洋学院/ [索取号:F752.95/44] 在馆    
3 0837098   208370984   第一借阅区/ [索取号:F752.95/44] 在馆    
唐山师范学院图书馆 欢迎您!
大连网信软件有限公司© 版权所有